Internetom podporovaná tvorba blokových schém

Na minha lista:
Detalhes bibliográficos
Autor principal: Führich, Richard (Author)
Outros Autores: Žáková, Katarína (Thesis advisor)
Formato: Manuscrito Livro
Idioma:eslovaco
Publicado em: 2018
Assuntos:
Acesso em linha:http://is.stuba.sk/zp/portal_zp.pl?podrobnosti=137375
Tags: Adicionar Tag
Sem tags, seja o primeiro a adicionar uma tag!

MARC

LEADER 00000ntm a22000003a 4500
001 stuzp66956
003 SK-STU
005 20181214114156.2
007 ta
008 150427s2015----xo-----f-mn---000-0-slo-d
040 |a STU  |b slo 
041 0 |a slo 
044 |a xo 
100 1 |a Führich, Richard  |u 035000  |4 aut  |U FEI Fakulta elektrotechniky a informatiky  |T FEI Ústav informatiky a matematiky  |X 72807  |U E050  |Y 816  |7 72807 
242 0 1 |a Internet based design of block diagrams  |y eng 
245 1 0 |a Internetom podporovaná tvorba blokových schém 
260 |c 2018 
300 |a 56 s., príl., DVD 
650 4 |a drag and drop  |2 eng 
650 4 |a dynamic system modeling  |2 eng 
650 4 |a simulation  |2 eng 
650 4 |a block algebra  |2 eng 
650 4 |a block diagram  |2 eng 
650 4 |a bloková algebra  |2 slo 
650 4 |a simulovanie  |2 slo 
650 4 |a bloková schéma  |2 slo 
650 4 |a modelovanie dynamických systémov  |2 slo 
650 4 |a drag and drop  |2 slo 
700 1 |a Žáková, Katarína  |u 030400  |k Z1  |4 ths  |U FEI Fakulta elektrotechniky a informatiky  |T FEI Ústav automobilovej mechatroniky  |X 4948  |U E400  |Y 642  |7 A000004948 
856 4 |u http://is.stuba.sk/zp/portal_zp.pl?podrobnosti=137375 
996 |b 284EP12113  |c E*DIPL- 12113  |l EE35  |s P  |a 0  |w stuzp66956_0001